| 000 | 01054nam a22002657a 4500 | ||
|---|---|---|---|
| 003 | AR-CdUEA | ||
| 005 | 20220326193254.0 | ||
| 008 | 100302s2001 sp||||| |||zz00| 0 spad | ||
| 020 | _a8446013290 | ||
| 040 |
_aAR-CdUEA _cAR-CdUEA |
||
| 041 | 1 |
_aspa _heng |
|
| 082 |
_a707 _bF754r |
||
| 100 | 1 |
_9536 _aFoster, Hal, _d1955- |
|
| 245 | 1 | 3 |
_aEl retorno de lo real : _bla vanguardia a finales de siglo / _cHal Foster ; traducción de Alfredo Brotons Muñoz. |
| 260 |
_aMadrid : _bEdiciones Akal, _c2001. |
||
| 300 |
_a234 p. : _bil. ; _c27 cm. |
||
| 490 | 0 |
_aAkal. Arte contemporáneo : _v8. |
|
| 504 | _aIncluye referencias bibliográficas. | ||
| 505 | 0 | _aQuién teme a la neovanguardia?. El quid del minimalismo. La pasión del signo. El arte de la razón cínica. El retorno de lo real. El artista como etnógrafo. ¿Y qué pasó con la posmodernidad?. | |
| 650 | 1 | 7 |
_992 _aCRITICA DE ARTE |
| 650 | 1 | 7 |
_998 _aARTE DE VANGUARDIA |
| 650 | 1 | 7 |
_xestetica-arte _xarte-critica _xarte-historia _ys. XX _9930 |
| 650 | 1 | 7 |
_971 _aARTE MODERNO |
| 945 |
_aela _d2010-03-16 |
||
| 999 |
_c198 _d198 |
||